Normal view MARC view
  • Aurangzeb, Maria

Entry Personal Name

Number of records used in: 1

001 - CONTROL NUMBER

  • control field: 133140

003 - CONTROL NUMBER IDENTIFIER

  • control field: NUST

005 - DATE AND TIME OF LATEST TRANSACTION

  • control field: 20260209131014.0

008 - FIXED-LENGTH DATA ELEMENTS

  • fixed length control field: 260209|| aca||aabn | a|a d

040 ## - CATALOGING SOURCE

  • Original cataloging agency: NUST
  • Transcribing agency: NUST

100 ## - HEADING--PERSONAL NAME

  • Personal name: Aurangzeb, Maria

670 ## - SOURCE DATA FOUND

  • Source citation: Work cat.: (NUST): Aurangzeb, Maria, The Impact of Media Literacy on Deepfake Awareness and Perception Among Pakistani Youth: An ELM Perspective/
© 2023 Central Library, National University of Sciences and Technology. All Rights Reserved.